| 000 | 00526 a2200205 4500 | ||
|---|---|---|---|
| 003 | IN-BaIIA | ||
| 005 | 20241130114146.0 | ||
| 008 | 241118b |||||||| |||| 00| 0 eng d | ||
| 020 | _a9781119623557 | ||
| 040 | _cIIA Library | ||
| 080 |
_a524.3 _bIRW |
||
| 100 |
_aIrwin, Judith _949186 |
||
| 245 |
_aAstrophysics _bdecoding the stars _cJudith Irwin |
||
| 260 |
_aNew Jersey _bWiley _c2023 |
||
| 300 | _axxviii, 337p. | ||
| 500 | _aindex given;ill. | ||
| 650 | _aStars | ||
| 650 |
_aAstrophysics _9794 |
||
| 942 |
_2udc _cBK |
||
| 999 |
_c36073 _d36073 |
||